000 00443nam a2200181Ia 4500
005 20250423094255.0
008 250422s9999 xx 000 0 und d
020 _a9781032528168
050 _aTK 3001 .A94/
100 _aAyers, John E.
245 2 _aA Practical Introduction to Electrical Circuits
260 _aBoca Raton
260 _b CRC Press
260 _c2024
300 _a430 p
650 _aElectric circuits.
942 _cBK
999 _c26774
_d26774